A practical approach to landlord and tenant (Record no. 102589)

MARC details
000 -LEADER
fixed length control field 01064cam a22002535a 4500
008 - FIXED-LENGTH DATA ELEMENTS--GENERAL INFORMATION
fixed length control field 030113s2003 xxk f 001 0 eng d
020 ## - INTERNATIONAL STANDARD BOOK NUMBER
International Standard Book Number 0199254524
035 ## - SYSTEM CONTROL NUMBER
System control number (Sirsi) u120982
041 0# - LANGUAGE CODE
Language code of text/sound track or separate title eng
050 04 - LIBRARY OF CONGRESS CALL NUMBER
Classification number 346.410434 $2 18
100 1# - MAIN ENTRY--PERSONAL NAME
Personal name Garner, Simon
245 02 - TITLE STATEMENT
Title A practical approach to landlord and tenant
250 ## - EDITION STATEMENT
Edition statement 3rd ed.
260 ## - PUBLICATION, DISTRIBUTION, ETC.
Place of publication, distribution, etc. Oxford
Name of publisher, distributor, etc. Oxford University Press
Date of publication, distribution, etc. 2002
300 ## - PHYSICAL DESCRIPTION
Extent lxxiii, 630p.
Dimensions 23cm.
350 ## - PRICE (NR) (BK AM CF MU VM SE) [OBSOLETE]
Price 28.95
520 ## - SUMMARY, ETC.
Summary, etc. Provides a systematic guide to the principles of landlord and tenant law. Includes an analysis of the various statutory codes applying to both residential and business tenancies. This updated edition also covers the Civil Procedure Rules, the Human Rights Act, leasehold reform and the introduction of commonhold. Agricultural tenancies, service charges and management of long leases are also covered.
650 24 - SUBJECT ADDED ENTRY--TOPICAL TERM
Topical term or geographic name entry element RENT ACT 1977
650 24 - SUBJECT ADDED ENTRY--TOPICAL TERM
Topical term or geographic name entry element HOUSING ACT 1985
650 24 - SUBJECT ADDED ENTRY--TOPICAL TERM
Topical term or geographic name entry element HOUSING ACT 1988
651 #4 - SUBJECT ADDED ENTRY--GEOGRAPHIC NAME
Geographic name England and Wales
Chronological subdivision 1543-
690 ## - LOCAL SUBJECT ADDED ENTRY--TOPICAL TERM (OCLC, RLIN)
Topical term or geographic name as entry element Landlord and tenant
9 (RLIN) 6252
942 ## - ADDED ENTRY ELEMENTS (KOHA)
Suppress in OPAC 0
Holdings
Withdrawn status Lost status Source of classification or shelving scheme Damaged status Not for loan Home library Current library Shelving location Date acquired Cost, normal purchase price Total Checkouts Full call number Barcode Date last seen Date last checked out Copy number Cost, replacement price Price effective from Koha item type
    Dewey Decimal Classification     London London Basement 26/09/2003 28.95 26 SHELF 113 30068333 06/08/2019 01/03/2007 3 28.95 06/08/2019 Book